| 000 | 01429cam a2200313 a 4500 | ||
|---|---|---|---|
| 001 | 13140047 | ||
| 005 | 20030909112623.0 | ||
| 008 | 030328s2003 moua b 001 0 eng | ||
| 020 | _a0721693873 | ||
| 020 | _a9780721693873 | ||
| 040 |
_aDNLM/DLC _cDLC _dDLC |
||
| 082 | 0 | 0 |
_a617.695 _221 _bPHI |
| 245 | 0 | 0 |
_aPhillips' Science of Dental Materials / _c[edited by] Kenneth J. Anusavice ; selected artwork by Jose dos Santos, Jr. ; graphical illustrations by Chiayi Shen. |
| 246 | 3 | 0 | _aScience of dental materials |
| 250 | _a11th ed. | ||
| 260 |
_aSt. Louis, Mo. : _bSaunders, _cc2003. |
||
| 300 |
_axxv, 805 p. : _bill. (some col.) ; _c27 cm. |
||
| 504 | _aIncludes bibliographical references and index. | ||
| 541 | _aDonation from Baccah | ||
| 650 | 0 |
_aDental materials. _930155 |
|
| 650 | 1 | 2 |
_aDental Materials. _930156 |
| 653 |
_bDent _cJune2012 |
||
| 700 | 1 |
_aAnusavice, Kenneth J. _930157 |
|
| 700 | 1 |
_aPhillips, Ralph W. _930158 |
|
| 942 |
_2ddc _cNRB |
||
| 999 |
_c16774 _d16774 |
||